00309nam a2200121Ia 4500008004100000041000800041082001200049100001600061245004500077260003400122300002400156365000700180240624s9999 xx 000 0 und d aeng a330 HAR aHARFORD TIM aUNDER COVER ECONOMIST HOW TO RUN OR RUIN c2013aNew DelhibLittle Brown a307 : p. : cm. ; 23 cRS